| 000 | 00676nam a22001937a 4500 | ||
|---|---|---|---|
| 999 |
_c186995 _d186995 |
||
| 005 | 20220325121531.0 | ||
| 010 | _aUR-11494 | ||
| 020 |
_c400.00 _a9788194863588 |
||
| 035 | _aU-10049 | ||
| 037 |
_bDBAD/PUB _a- |
||
| 082 |
_a840.08 _2Ist |
||
| 100 | _aا بر ا ہيم ا فسر | ||
| 245 |
_aر شيد حسن خا ن کی ا د بی جہا ت _c ا بر ا ہيم ا فسر |
||
| 246 |
_bRasheed Hasan Khan Ki Adabi Jihat (Urdu) _aby Ibraheem Afsar |
||
| 260 |
_aN.Delhi _bIbraheem Afsar _c2021ء |
||
| 270 |
_a1307/8,Kalan Mehal,Darya Ganj, _bNew Delhi _e110002 _k9871202888 _l- |
||
| 300 |
_a718 ص _c22 Cm(Hb) |
||
| 942 |
_2ddc _cUR _h840.08 _mا ب ر |
||